Songs of the fervent years / (Record no. 149874)

MARC details
000 -LEADER
fixed length control field 00545nam a22001937a 4500
005 - DATE AND TIME OF LATEST TRANSACTION
control field 20221214150631.0
010 ## - LCCN (DPL NO)
LC control number ENG-122237 ENG-135860
020 ## - INTERNATIONAL STANDARD BOOK NUMBER
International Standard Book Number 9788179775936
Terms of availability 150.00
035 ## - SYSTEM CONTROL NUMBER
System control number EN-105769
035 ## - SYSTEM CONTROL NUMBER
System control number EN-119392
037 ## - SOURCE OF ACQUISITION
Source of stock number/acquisition DBAD/PUB
082 ## - DEWEY DECIMAL CLASSIFICATION NUMBER
Classification number 881
100 ## - MAIN ENTRY--PERSONAL NAME
Personal name Sahu, N.S.
245 ## - TITLE STATEMENT
Title Songs of the fervent years /
Statement of responsibility, etc by N.S. Sahu
260 ## - PUBLICATION, DISTRIBUTION, ETC. (IMPRINT)
Place of publication, distribution, etc Bareilly
Name of publisher, distributor, etc Prakash Book Depot
Date of publication, distribution, etc c2017
270 ## - ADDRESS
Address Bara Bazar
City Bareilly
Postal code 243003
Telephone number 05812470217
300 ## - PHYSICAL DESCRIPTION
Extent xi,50p.
Other physical details 22cm(pbk)
942 ## - ADDED ENTRY ELEMENTS (KOHA)
Source of classification or shelving scheme Dewey Decimal Classification
Item type English Books
Classification part 881
Call number suffix SAH
Holdings
Withdrawn status Lost status Not for loan Collection code Home library Current library Date acquired Source of acquisition Cost, normal purchase price Full call number Barcode Copy number Cost, replacement price Koha item type
    Not For Loan Fiction D.B.Act.Division Bawana 12/02/2018 DBAD/PUB 150.00 881 SAH EN-105769 1 150.00 English Books
      Non-fiction Patel Nagar Patel Nagar 14/12/2022 DBAD 150.00 881 SAH EN-119392 1 150.00 English Books

© Delhi Public Library
Hit Counter
free hit counter